Wszystkie Albumy Taco Hemingway'a - Statystyki

Ogólne statystyki
  • Ten quiz został rozwiązany 9 razy
    3 od ostatniego zresetowania
  • Średni wynik to 13 z 16
Statystyki odpowiedzi
Rok Liczba
Piosenek
Album/Epka % Poprawnych
2020 13 Europa
100%
2020 12 Jarmark
100%
2025 16 LATARNIE WSZĘDZIE DAWNO ZGASŁY
100%
2019 11 POCZTÓWKA Z WWA, LATO '19
100%
2018 11 Soma 0,25 mg
100%
2018 15 Soma 0,5 mg
100%
2014 7 Trójkąt Warszawski
100%
2015 8 Umowa o dzieło
100%
2016 6 Wosk
100%
2023 15 1-800-OŚWIECENIE
67%
2016 17 Marmur
67%
2017 9 Szprycer
67%
2011 16 Who killed JFK
67%
2013 8 Young Hems
67%
2018 11 Café Belga
33%
2018 5 Flagey EP
33%
Nie znaleziono quizów pasujących do podanych kryteriów
Rozkład punktacji
Procent ludzi z każdym wynikiem
Percentyl według liczby udzielonych odpowiedzi
Twoja historia wyników
Nie rozwiązałeś tego quizu od ostatniego zresetowania